| 000 | 00553nam a2200193 a 4500 | ||
|---|---|---|---|
| 001 | 000034545 | ||
| 005 | 20200930073747.0 | ||
| 008 | 111006s2000 sp 000 0 spa d | ||
| 040 |
_aDO-SdBNP _bspa _cBNPHU |
||
| 082 |
_axxxx _bN739 |
||
| 100 | 1 |
_aNoah, Gordon _959981 |
|
| 245 | 1 | 0 |
_aChamán / _cNoah Gordon ; traducido por Elsa Mateo. |
| 260 |
_aEspaña : _bLitografía Rosés, _c2000. |
||
| 300 |
_a857 p. ; _c20 cm. |
||
| 490 | 1 | _aBiblioteca de bolsillo | |
| 700 | 1 | 2 |
_aMateo, Elsa _932222 |
| 830 | 0 |
_aBiblioteca de bolsillo _95816 |
|
| 049 | 0 | _aBNPD | |
| 999 |
_c34036 _d34036 |
||